000 00625nam a2200217 a 4500
001 BRCA_7916
005 20190320210042.0
008 170214s1958----sp-a######---#000-0#spa-#
041 _aspa
044 _asp
050 4 _aNB805
_b.A93 1958
100 1 _aAzcarate, J. M.
_919580
245 1 0 _aEscultura del siglo XVI
_cpor J. M. Azcarate.
260 _aMadrid
_bPlus Ultra
_cc1958
300 _a395 p.
_bil., láminas
_c28 cm.
440 0 _aArs Hispaniae. Historia universal del arte hispánico
_v13
_919581
500 _aY221
650 1 4 _aEscultura
_xHistoria
_ySiglo XVI
_zEspaña
_919582
902 _aGFM
942 _2lcc
_cB
999 _c7588
_d7588